[Event "Mallorca-ch Segona"]
[Site "Palma"]
[Date "2017.12.02"]
[Round "1.7"]
[White "Marti Llompart, Arnaldo"]
[Black "Gaya Torrens, Miguel"]
[Result "0-1"]
[WhiteElo "1563"]
[BlackElo "1724"]
[PlyCount "60"]
[EventDate "2017.12.02"]
[EventType "swiss"]
[EventRounds "6"]
[EventCountry "ESP"]
[SourceTitle "EXT 2024"]
[Source "ChessBase"]
[SourceDate "2023.10.10"]
[SourceVersion "1"]
[SourceVersionDate "2023.10.10"]
[SourceQuality "1"]

1. d4 Nf6 2. c4 e6 3. Nc3 Bb4 4. a3 Bxc3+ 5. bxc3 0-0 6. Nf3 c5 7. Bg5 cxd4 8. Bxf6 Qxf6 9. cxd4 Nc6 10. e4 b6 11. Rc1 Bb7 12. Be2 Rfd8 13. 0-0 Rac8 14. d5 Ne5 15. Nxe5 Qxe5 16. Qd3 Rc5 17. f4 Qc7 18. d6 Qc6 19. Bf3 Qa4 20. Bd1 Qc6 21. Bf3 Qa4 22. Bd1 Qa6 23. e5 Rdc8 24. Bb3 Bd5 25. Bc2 g6 26. Qg3 Qxc4 27. Qf2 Qa2 28. Ra1 Qxc2 29. Qxc2 Rxc2 30. g3 Rg2+ 0-1